Looking for 6 World Cities: distances from capitals as hint - Statistics

General Stats
  • This quiz has been taken 112 times
  • The average score is 377 of 1182
Answer Stats
ANSWER % Correct
London A: 2,503
70%
London B: 5,585
70%
London C: 9,253
70%
London D: 5,005
70%
London E: 16,988
70%
London F: 9,641
70%
Moscow A: 1,756
59%
Moscow B: 7,531
59%
Moscow C: 11,529
59%
Moscow D: 6,247
59%
Moscow E: 14,484
59%
Moscow F: 7,152
59%
Paris A: 2,258
59%
Paris B: 5,852
59%
Paris C: 9,144
59%
Paris D: 4,700
59%
Paris E: 16,957
59%
Paris F: 9,645
59%
Cairo A: 1,232
58%
Cairo B: 9,040
58%
Cairo C: 9,880
58%
Cairo D: 3,914
58%
Cairo E: 14,415
58%
Cairo F: 8,154
58%
Washington A: 8,416
57%
Washington B: 328
57%
Washington C: 7,696
57%
Washington D: 8,736
57%
Washington E: 15,709
57%
Washington F: 13,132
57%
Madrid A: 2,743
55%
Madrid B: 5,782
55%
Madrid C: 8,116
55%
Madrid D: 3,828
55%
Madrid E: 17,687
55%
Madrid F: 10,557
55%
Ottawa A: 7,862
54%
Ottawa B: 539
54%
Ottawa C: 8,249
54%
Ottawa D: 8,650
54%
Ottawa E: 15,860
54%
Ottawa F: 12,442
54%
Rome A: 1,374
54%
Rome B: 6,909
54%
Rome C: 9,180
54%
Rome D: 4,028
54%
Rome E: 16,319
54%
Rome F: 9,294
54%
Tokyo A: 8,967
54%
Tokyo B: 10,872
54%
Tokyo C: 18,560
54%
Tokyo D: 13,489
54%
Tokyo E: 7,792
54%
Tokyo F: 2,884
54%
Athens A: 562
53%
Athens B: 7,943
53%
Athens C: 9,705
53%
Athens D: 4,050
53%
Athens E: 15,325
53%
Athens F: 8,558
53%
Beijing A: 7,074
53%
Beijing B: 11,014
53%
Beijing C: 17,323
53%
Beijing D: 11,469
53%
Beijing E: 8,918
53%
Beijing F: 1,965
53%
Berlin A: 1,737
51%
Berlin B: 6,402
51%
Berlin C: 9,988
51%
Berlin D: 5,189
51%
Berlin E: 16,087
51%
Berlin F: 8,765
51%
Brasilia A: 10,086
51%
Brasilia B: 6,810
51%
Brasilia C: 931
51%
Brasilia D: 6,167
51%
Brasilia E: 14,150
51%
Brasilia F: 18,013
51%
Buenos Aires A: 12,229
46%
Buenos Aires B: 8,493
46%
Buenos Aires C: 1,965
46%
Buenos Aires D: 7,907
46%
Buenos Aires E: 11,823
46%
Buenos Aires F: 18,461
46%
Ankara A: 352
45%
Ankara B: 8,418
45%
Ankara C: 10,502
45%
Ankara D: 4,732
45%
Ankara E: 14,595
45%
Ankara F: 7,737
45%
Helsinki A: 2,148
45%
Helsinki B: 6,636
45%
Helsinki C: 11,056
45%
Helsinki D: 6,229
45%
Helsinki E: 15,189
45%
Helsinki F: 7,840
45%
Lisbon A: 3,242
45%
Lisbon B: 5,436
45%
Lisbon C: 7,691
45%
Lisbon D: 3,789
45%
Lisbon E: 18,181
45%
Lisbon F: 11,044
45%
Dublin A: 2,958
43%
Dublin B: 5,129
43%
Dublin C: 9,166
43%
Dublin D: 5,271
43%
Dublin E: 17,208
43%
Dublin F: 9,868
43%
Kiev A: 1,056
42%
Kiev B: 7,531
42%
Kiev C: 10,859
42%
Kiev D: 5,490
42%
Kiev E: 14,934
42%
Kiev F: 7,688
42%
Seoul A: 7,974
42%
Seoul B: 11,077
42%
Seoul C: 18,132
42%
Seoul D: 12,415
42%
Seoul E: 8,297
42%
Seoul F: 2,093
42%
Sofia A: 503
42%
Sofia B: 7,603
42%
Sofia C: 9,955
42%
Sofia D: 4,468
42%
Sofia E: 15,432
42%
Sofia F: 8,430
42%
Baku A: 1,767
41%
Baku B: 9,388
41%
Baku C: 11,875
41%
Baku D: 5,953
41%
Baku E: 13,224
41%
Baku F: 6,293
41%
Caracas A: 9,736
41%
Caracas B: 3,421
41%
Caracas C: 4,505
41%
Caracas D: 7,736
41%
Caracas E: 15,362
41%
Caracas F: 16,376
41%
Oslo A: 2,449
41%
Oslo B: 5,930
41%
Oslo C: 10,398
41%
Oslo D: 5,963
41%
Oslo E: 15,939
41%
Oslo F: 8,604
41%
Tehran A: 2,044
41%
Tehran B: 9,878
41%
Tehran C: 11,860
41%
Tehran D: 5,864
41%
Tehran E: 12,900
41%
Tehran F: 6,188
41%
Beirut A: 979
39%
Beirut B: 9,044
39%
Beirut C: 10,427
39%
Beirut D: 4,488
39%
Beirut E: 14,182
39%
Beirut F: 7,657
39%
Bogota A: 10,762
39%
Bogota B: 3,999
39%
Bogota C: 4,531
39%
Bogota D: 8,579
39%
Bogota E: 14,335
39%
Bogota F: 16,899
39%
Canberra A: 14,842
39%
Canberra B: 16,225
39%
Canberra C: 13,434
39%
Canberra D: 15,279
39%
Canberra E: 247
39%
Canberra F: 7,363
39%
Havana A: 9,991
39%
Havana B: 2,101
39%
Havana C: 6,627
39%
Havana D: 9,306
39%
Havana E: 14,707
39%
Havana F: 14,672
39%
Lima A: 12,219
39%
Lima B: 5,849
39%
Lima C: 3,776
39%
Lima D: 9,131
39%
Lima E: 12,817
39%
Lima F: 18,377
39%
Stockholm A: 2,174
39%
Stockholm B: 6,336
39%
Stockholm C: 10,681
39%
Stockholm D: 5,997
39%
Stockholm E: 15,585
39%
Stockholm F: 8,237
39%
Tirana A: 766
39%
Tirana B: 7,454
39%
Tirana C: 9,628
39%
Tirana D: 4,192
39%
Tirana E: 15,708
39%
Tirana F: 8,753
39%
2 000
38%
Amsterdam A: 2,215
38%
Amsterdam B: 5,877
38%
Amsterdam C: 9,554
38%
Amsterdam D: 5,093
38%
Amsterdam E: 16,638
38%
Amsterdam F: 9,295
38%
Belgrade A: 810
38%
Belgrade B: 7,281
38%
Belgrade C: 9,890
38%
Belgrade D: 4,561
38%
Belgrade E: 15,675
38%
Belgrade F: 8,576
38%
Jerusalem A: 1,169
38%
Jerusalem B: 9,188
38%
Jerusalem C: 10,303
38%
Jerusalem D: 4,333
38%
Jerusalem E: 14,127
38%
Jerusalem F: 7,738
38%
Panama A: 10,872
38%
Panama B: 3,556
38%
Panama C: 5,301
38%
Panama D: 9,132
38%
Panama E: 14,165
38%
Panama F: 16,240
38%
Prague A: 1,513
38%
Prague B: 6,588
38%
Prague C: 9,872
38%
Prague D: 4,945
38%
Prague E: 16,080
38%
Prague F: 8,801
38%
Santiago A: 13,091
38%
Santiago B: 8,219
38%
Santiago C: 2,925
38%
Santiago D: 8,944
38%
Santiago E: 11,369
38%
Santiago F: 18,682
38%
Tunis A: 1,690
38%
Tunis B: 7,032
38%
Tunis C: 8,662
38%
Tunis D: 3,432
38%
Tunis E: 16,492
38%
Tunis F: 9,717
38%
Algiers A: 2,288
36%
Algiers B: 6,491
36%
Algiers C: 8,195
36%
Algiers D: 3,355
36%
Algiers E: 17,126
36%
Algiers F: 10,281
36%
Astana A: 3,419
36%
Astana B: 9,286
36%
Astana C: 13,666
36%
Astana D: 7,929
36%
Astana E: 12,209
36%
Astana F: 4,873
36%
Bangkok A: 7,476
36%
Bangkok B: 13,947
36%
Bangkok C: 16,075
36%
Bangkok D: 10,611
36%
Bangkok E: 7,523
36%
Bangkok F: 1,725
36%
Bern A: 1,839
36%
Bern B: 6,286
36%
Bern C: 9,255
36%
Bern D: 4,504
36%
Bern E: 16,656
36%
Bern F: 9,414
36%
Bucharest A: 445
36%
Bucharest B: 7,670
36%
Bucharest C: 10,247
36%
Bucharest D: 4,752
36%
Bucharest E: 15,226
36%
Bucharest F: 8,160
36%
Hanoi A: 7,430
36%
Hanoi B: 13,169
36%
Hanoi C: 16,834
36%
Hanoi D: 11,041
36%
Hanoi E: 7,747
36%
Hanoi F: 871
36%
Minsk A: 1,436
36%
Minsk B: 7,142
36%
Minsk C: 10,856
36%
Minsk D: 5,694
36%
Minsk E: 15,131
36%
Minsk F: 7,817
36%
Muscat A: 3,366
36%
Muscat B: 11,367
36%
Muscat C: 12,141
36%
Muscat D: 6,189
36%
Muscat E: 11,664
36%
Muscat F: 5,663
36%
Singapore A: 8,652
36%
Singapore B: 15,347
36%
Singapore C: 15,737
36%
Singapore D: 11,158
36%
Singapore E: 6,293
36%
Singapore F: 2,577
36%
Vienna A: 1,276
36%
Vienna B: 6,814
36%
Vienna C: 9,855
36%
Vienna D: 4,788
36%
Vienna E: 15,971
36%
Vienna F: 8,744
36%
Wellington A: 17,172
36%
Wellington B: 14,393
36%
Wellington C: 11,894
36%
Wellington D: 16,052
36%
Wellington E: 2,229
36%
Wellington F: 9,410
36%
Brussels A: 2,183
35%
Brussels B: 5,904
35%
Brussels C: 9,405
35%
Brussels D: 4,922
35%
Brussels E: 16,740
35%
Brussels F: 9,410
35%
Damascus A: 1,056
35%
Damascus B: 9,127
35%
Damascus C: 10,476
35%
Damascus D: 4,525
35%
Damascus E: 14,098
35%
Damascus F: 7,595
35%
Kinshasa A: 5,209
35%
Kinshasa B: 10,265
35%
Kinshasa C: 6,609
35%
Kinshasa D: 1,781
35%
Kinshasa E: 13,749
35%
Kinshasa F: 11,107
35%
Rabat A: 3,233
35%
Rabat B: 5,852
35%
Rabat C: 7,383
35%
Rabat D: 3,228
35%
Rabat E: 18,000
35%
Rabat F: 11,197
35%
Riyadh A: 2,448
35%
Riyadh B: 10,533
35%
Riyadh C: 11,039
35%
Riyadh D: 5,036
35%
Riyadh E: 12,776
35%
Riyadh F: 6,821
35%
San Marino A: 1,392
35%
San Marino B: 6,789
35%
San Marino C: 9,322
35%
San Marino D: 4,246
35%
San Marino E: 16,316
35%
San Marino F: 9,206
35%
Vaduz A: 1,692
35%
Vaduz B: 6,418
35%
Vaduz C: 9,385
35%
Vaduz D: 4,547
35%
Vaduz E: 16,497
35%
Vaduz F: 9,263
35%
Warsaw A: 1,385
35%
Warsaw B: 6,872
35%
Warsaw C: 10,384
35%
Warsaw D: 5,326
35%
Warsaw E: 15,587
35%
Warsaw F: 8,287
35%
Yerevan A: 1,318
35%
Yerevan B: 9,106
35%
Yerevan C: 11,432
35%
Yerevan D: 5,541
35%
Yerevan E: 13,647
35%
Yerevan F: 6,751
35%
Asuncion A: 11,540
34%
Asuncion B: 7,502
34%
Asuncion C: 1,490
34%
Asuncion D: 7,474
34%
Asuncion E: 12,785
34%
Asuncion F: 19,127
34%
Budapest A: 1,068
34%
Budapest B: 7,026
34%
Budapest C: 9,970
34%
Budapest D: 4,786
34%
Budapest E: 15,779
34%
Budapest F: 8,583
34%
Chisinau A: 665
34%
Chisinau B: 7,667
34%
Chisinau C: 10,573
34%
Chisinau D: 5,109
34%
Chisinau E: 15,036
34%
Chisinau F: 7,883
34%
Jakarta A: 9,454
34%
Jakarta B: 16,181
34%
Jakarta C: 15,437
34%
Jakarta D: 11,576
34%
Jakarta E: 5,494
34%
Jakarta F: 3,251
34%
Kingston A: 9,971
34%
Kingston B: 2,532
34%
Kingston C: 5,815
34%
Kingston D: 8,762
34%
Kingston E: 14,958
34%
Kingston F: 15,393
34%
Kuala Lumpur A: 8,336
34%
Kuala Lumpur B: 15,128
34%
Kuala Lumpur C: 15,658
34%
Kuala Lumpur D: 10,894
34%
Kuala Lumpur E: 6,609
34%
Kuala Lumpur F: 2,510
34%
Pristina A: 671
34%
Pristina B: 7,461
34%
Pristina C: 9,805
34%
Pristina D: 4,377
34%
Pristina E: 15,608
34%
Pristina F: 8,598
34%
Quito A: 11,488
34%
Quito B: 4,557
34%
Quito C: 4,570
34%
Quito D: 9,127
34%
Quito E: 13,611
34%
Quito F: 17,210
34%
Tripoli A: 1,665
34%
Tripoli B: 7,504
34%
Tripoli C: 8,598
34%
Tripoli D: 3,096
34%
Tripoli E: 16,145
34%
Tripoli F: 9,654
34%
Abu Dhabi A: 2,987
32%
Abu Dhabi B: 11,039
32%
Abu Dhabi C: 11,760
32%
Abu Dhabi D: 5,782
32%
Abu Dhabi E: 12,083
32%
Abu Dhabi F: 6,069
32%
Accra A: 4,882
32%
Accra B: 8,246
32%
Accra C: 5,638
32%
Accra D: 409
32%
Accra E: 15,712
32%
Accra F: 12,252
32%
Bissau A: 5,404
32%
Bissau B: 6,506
32%
Bissau C: 4,883
32%
Bissau D: 2,170
32%
Bissau E: 17,228
32%
Bissau F: 13,368
32%
Kabul A: 3,583
32%
Kabul B: 10,862
32%
Kabul C: 13,413
32%
Kabul D: 7,392
32%
Kabul E: 11,414
32%
Kabul F: 4,571
32%
Luanda A: 5,749
32%
Luanda B: 10,415
32%
Luanda C: 6,204
32%
Luanda D: 2,012
32%
Luanda E: 13,535
32%
Luanda F: 11,503
32%
Managua A: 11,149
32%
Managua B: 3,386
32%
Managua C: 6,085
32%
Managua D: 9,830
32%
Managua E: 13,753
32%
Managua F: 15,601
32%
Manama A: 2,580
32%
Manama B: 10,652
32%
Manama C: 11,462
32%
Manama D: 5,455
32%
Manama E: 12,511
32%
Manama F: 6,406
32%
Manila A: 9,127
32%
Manila B: 13,688
32%
Manila C: 18,125
32%
Manila D: 12,762
32%
Manila E: 6,248
32%
Manila F: 1,114
32%
Maputo A: 7,424
32%
Maputo B: 13,193
32%
Maputo C: 7,580
32%
Maputo D: 4,776
32%
Maputo E: 10,752
32%
Maputo F: 10,284
32%
Montevideo A: 12,088
32%
Montevideo B: 8,569
32%
Montevideo C: 1,832
32%
Montevideo D: 7,735
32%
Montevideo E: 11,876
32%
Montevideo F: 18,326
32%
Nicosia A: 755
32%
Nicosia B: 8,805
32%
Nicosia C: 10,311
32%
Nicosia D: 4,418
32%
Nicosia E: 14,412
32%
Nicosia F: 7,814
32%
Reykjavik A: 4,126
32%
Reykjavik B: 4,213
32%
Reykjavik C: 9,825
32%
Reykjavik D: 6,711
32%
Reykjavik E: 16,605
32%
Reykjavik F: 9,701
32%
Riga A: 1,805
32%
Riga B: 6,775
32%
Riga C: 10,834
32%
Riga D: 5,886
32%
Riga E: 15,307
32%
Riga F: 7,961
32%
San Jose A: 11,157
32%
San Jose B: 3,552
32%
San Jose C: 5,747
32%
San Jose D: 9,620
32%
San Jose E: 13,816
32%
San Jose F: 15,929
32%
San Salvador A: 11,243
32%
San Salvador B: 3,339
32%
San Salvador C: 6,441
32%
San Salvador D: 10,127
32%
San Salvador E: 13,575
32%
San Salvador F: 15,288
32%
Santo Domingo A: 9,402
32%
Santo Domingo B: 2,492
32%
Santo Domingo C: 5,427
32%
Santo Domingo D: 8,041
32%
Santo Domingo E: 15,606
32%
Santo Domingo F: 15,469
32%
Skopje A: 636
32%
Skopje B: 7,522
32%
Skopje C: 9,781
32%
Skopje D: 4,322
32%
Skopje E: 15,580
32%
Skopje F: 8,602
32%
Taipei A: 8,432
32%
Taipei B: 12,549
32%
Taipei C: 18,460
32%
Taipei D: 12,484
32%
Taipei E: 7,236
32%
Taipei F: 811
32%
Zagreb A: 1,176
32%
Zagreb B: 6,923
32%
Zagreb C: 9,670
32%
Zagreb D: 4,527
32%
Zagreb E: 16,024
32%
Zagreb F: 8,868
32%
30 000
31%
Abuja A: 4,124
31%
Abuja B: 8,645
31%
Abuja C: 6,557
31%
Abuja D: 536
31%
Abuja E: 15,406
31%
Abuja F: 11,319
31%
Amman A: 1,183
31%
Amman B: 9,224
31%
Amman C: 10,375
31%
Amman D: 4,402
31%
Amman E: 14,069
31%
Amman F: 7,666
31%
Baghdad A: 1,611
31%
Baghdad B: 9,663
31%
Baghdad C: 11,166
31%
Baghdad D: 5,169
31%
Baghdad E: 13,388
31%
Baghdad F: 6,859
31%
Belmopan A: 10,922
31%
Belmopan B: 2,962
31%
Belmopan C: 6,656
31%
Belmopan D: 10,035
31%
Belmopan E: 13,814
31%
Belmopan F: 14,975
31%
Bridgetown A: 8,948
31%
Bridgetown B: 3,366
31%
Bridgetown C: 4,365
31%
Bridgetown D: 6,936
31%
Bridgetown E: 16,149
31%
Bridgetown F: 16,032
31%
Copenhagen A: 2,022
31%
Copenhagen B: 6,204
31%
Copenhagen C: 10,171
31%
Copenhagen D: 5,519
31%
Copenhagen E: 16,033
31%
Copenhagen F: 8,684
31%
Dhaka A: 5,964
31%
Dhaka B: 12,692
31%
Dhaka C: 15,307
31%
Dhaka D: 9,426
31%
Dhaka E: 9,053
31%
Dhaka F: 2,437
31%
Doha A: 2,720
31%
Doha B: 10,792
31%
Doha C: 11,517
31%
Doha D: 5,521
31%
Doha E: 12,379
31%
Doha F: 6,334
31%
Islamabad A: 3,945
31%
Islamabad B: 11,099
31%
Islamabad C: 13,756
31%
Islamabad D: 7,735
31%
Islamabad E: 11,067
31%
Islamabad F: 4,206
31%
Khartoum A: 2,843
31%
Khartoum B: 10,232
31%
Khartoum C: 9,276
31%
Khartoum D: 3,334
31%
Khartoum E: 13,595
31%
Khartoum F: 8,531
31%
Lome A: 4,745
31%
Lome B: 8,322
31%
Lome C: 5,803
31%
Lome D: 244
31%
Lome E: 15,660
31%
Lome F: 12,083
31%
Male A: 6,029
31%
Male B: 14,041
31%
Male C: 12,931
31%
Male D: 7,770
31%
Male E: 9,140
31%
Male F: 4,815
31%
Monaco A: 1,793
31%
Monaco B: 6,445
31%
Monaco C: 9,005
31%
Monaco D: 4,149
31%
Monaco E: 16,721
31%
Monaco F: 9,580
31%
Nairobi A: 4,751
31%
Nairobi B: 11,849
31%
Nairobi C: 8,937
31%
Nairobi D: 3,810
31%
Nairobi E: 12,162
31%
Nairobi F: 8,768
31%
Niamey A: 4,009
31%
Niamey B: 7,878
31%
Niamey C: 6,373
31%
Niamey D: 793
31%
Niamey E: 16,173
31%
Niamey F: 11,626
31%
Paramaribo A: 9,092
31%
Paramaribo B: 4,292
31%
Paramaribo C: 3,438
31%
Paramaribo D: 6,478
31%
Paramaribo E: 15,891
31%
Paramaribo F: 16,683
31%
Podgorica A: 820
31%
Podgorica B: 7,346
31%
Podgorica C: 9,661
31%
Podgorica D: 4,282
31%
Podgorica E: 15,762
31%
Podgorica F: 8,754
31%
Praia A: 5,804
31%
Praia B: 5,635
31%
Praia C: 4,703
31%
Praia D: 3,085
31%
Praia E: 17,841
31%
Praia F: 13,836
31%
Pyongyang A: 7,790
31%
Pyongyang B: 10,948
31%
Pyongyang C: 17,937
31%
Pyongyang D: 12,246
31%
Pyongyang E: 8,487
31%
Pyongyang F: 2,159
31%
Sarajevo A: 926
31%
Sarajevo B: 7,199
31%
Sarajevo C: 9,691
31%
Sarajevo D: 4,393
31%
Sarajevo E: 15,842
31%
Sarajevo F: 8,770
31%
Tallinn A: 2,069
31%
Tallinn B: 6,668
31%
Tallinn C: 11,007
31%
Tallinn D: 6,152
31%
Tallinn E: 15,216
31%
Tallinn F: 7,866
31%
Vientiane A: 7,364
31%
Vientiane B: 13,498
31%
Vientiane C: 16,430
31%
Vientiane D: 10,764
31%
Vientiane E: 7,711
31%
Vientiane F: 1,299
31%
Vilnius A: 1,544
31%
Vilnius B: 6,969
31%
Vilnius C: 10,770
31%
Vilnius D: 5,696
31%
Vilnius E: 15,271
31%
Vilnius F: 7,944
31%
Antananarivo A: 6,906
30%
Antananarivo B: 14,001
30%
Antananarivo C: 9,288
30%
Antananarivo D: 5,595
30%
Antananarivo E: 10,055
30%
Antananarivo F: 8,560
30%
Bishkek A: 3,743
30%
Bishkek B: 10,226
30%
Bishkek C: 13,944
30%
Bishkek D: 7,994
30%
Bishkek E: 11,522
30%
Bishkek F: 4,303
30%
Bratislava A: 1,227
30%
Bratislava B: 6,864
30%
Bratislava C: 9,895
30%
Bratislava D: 4,800
30%
Bratislava E: 15,917
30%
Bratislava F: 8,695
30%
Castries A: 8,999
30%
Castries B: 3,219
30%
Castries C: 4,519
30%
Castries D: 7,086
30%
Castries E: 16,100
30%
Castries F: 15,956
30%
Dakar A: 5,332
30%
Dakar B: 6,151
30%
Dakar C: 5,017
30%
Dakar D: 2,453
30%
Dakar E: 17,597
30%
Dakar F: 13,346
30%
Dodoma A: 5,270
30%
Dodoma B: 12,119
30%
Dodoma C: 8,620
30%
Dodoma D: 3,854
30%
Dodoma E: 11,928
30%
Dodoma F: 9,091
30%
Freetown A: 5,497
30%
Freetown B: 6,948
30%
Freetown C: 4,766
30%
Freetown D: 1,848
30%
Freetown E: 16,778
30%
Freetown F: 13,357
30%
Port Moresby A: 13,055
30%
Port Moresby B: 14,689
30%
Port Moresby C: 16,253
30%
Port Moresby D: 16,031
30%
Port Moresby E: 2,735
30%
Port Moresby F: 5,030
30%
Tashkent A: 3,349
30%
Tashkent B: 10,198
30%
Tashkent C: 13,494
30%
Tashkent D: 7,525
30%
Tashkent E: 11,803
30%
Tashkent F: 4,682
30%
Tbilisi A: 1,329
30%
Tbilisi B: 9,000
30%
Tbilisi C: 11,511
30%
Tbilisi D: 5,652
30%
Tbilisi E: 13,674
30%
Tbilisi F: 6,710
30%
Valletta A: 1,379
30%
Valletta B: 7,414
30%
Valletta C: 8,900
30%
Valletta D: 3,452
30%
Valletta E: 16,092
30%
Valletta F: 9,406
30%
Yaounde A: 4,469
30%
Yaounde B: 9,355
30%
Yaounde C: 6,638
30%
Yaounde D: 944
30%
Yaounde E: 14,689
30%
Yaounde F: 11,149
30%
1 000 000
28%
Asmara A: 3,004
28%
Asmara B: 10,740
28%
Asmara C: 9,889
28%
Asmara D: 4,000
28%
Asmara E: 12,991
28%
Asmara F: 7,890
28%
Bamako A: 4,772
28%
Bamako B: 7,084
28%
Bamako C: 5,495
28%
Bamako D: 1,425
28%
Bamako E: 16,860
28%
Bamako F: 12,628
28%
Banjul A: 5,358
28%
Banjul B: 6,311
28%
Banjul C: 4,959
28%
Banjul D: 2,321
28%
Banjul E: 17,433
28%
Banjul F: 13,352
28%
Basseterre A: 8,905
28%
Basseterre B: 2,813
28%
Basseterre C: 4,928
28%
Basseterre D: 7,271
28%
Basseterre E: 16,178
28%
Basseterre F: 15,612
28%
Dili A: 11,185
28%
Dili B: 15,954
28%
Dili C: 16,318
28%
Dili D: 13,656
28%
Dili E: 3,840
28%
Dili F: 3,632
28%
Georgetown A: 9,276
28%
Georgetown B: 4,073
28%
Georgetown C: 3,667
28%
Georgetown D: 6,801
28%
Georgetown E: 15,763
28%
Georgetown F: 16,680
28%
Juba A: 4,014
28%
Juba B: 10,962
28%
Juba C: 8,677
28%
Juba D: 3,127
28%
Juba E: 13,033
28%
Juba F: 9,049
28%
Luxembourg A: 2,017
28%
Luxembourg B: 6,074
28%
Luxembourg C: 9,394
28%
Luxembourg D: 4,790
28%
Luxembourg E: 16,670
28%
Luxembourg F: 9,364
28%
Maseru A: 7,787
28%
Maseru B: 12,980
28%
Maseru C: 7,001
28%
Maseru D: 4,724
28%
Maseru E: 10,852
28%
Maseru F: 10,890
28%
Mbabane A: 7,457
28%
Mbabane B: 13,094
28%
Mbabane C: 7,430
28%
Mbabane D: 4,702
28%
Mbabane E: 10,831
28%
Mbabane F: 10,433
28%
Mogadishu A: 4,620
28%
Mogadishu B: 12,282
28%
Mogadishu C: 9,955
28%
Mogadishu D: 4,680
28%
Mogadishu E: 11,603
28%
Mogadishu F: 7,751
28%
Monrovia A: 5,505
28%
Monrovia B: 7,309
28%
Monrovia C: 4,783
28%
Monrovia D: 1,570
28%
Monrovia E: 16,439
28%
Monrovia F: 13,250
28%
Nassau A: 9,475
28%
Nassau B: 1,763
28%
Nassau C: 6,460
28%
Nassau D: 8,782
28%
Nassau E: 15,261
28%
Nassau F: 14,622
28%
Ouagadougou A: 4,346
28%
Ouagadougou B: 7,649
28%
Ouagadougou C: 5,987
28%
Ouagadougou D: 848
28%
Ouagadougou E: 16,372
28%
Ouagadougou F: 12,035
28%
Roseau A: 8,938
28%
Roseau B: 3,069
28%
Roseau C: 4,667
28%
Roseau D: 7,127
28%
Roseau E: 16,160
28%
Roseau F: 15,818
28%
Sao Tome A: 5,031
28%
Sao Tome B: 9,205
28%
Sao Tome C: 5,982
28%
Sao Tome D: 770
28%
Sao Tome E: 14,774
28%
Sao Tome F: 11,793
28%
Suva A: 16,159
28%
Suva B: 12,769
28%
Suva C: 13,605
28%
Suva D: 18,607
28%
Suva E: 3,218
28%
Suva F: 8,303
28%
Tegucigalpa A: 11,065
28%
Tegucigalpa B: 3,218
28%
Tegucigalpa C: 6,302
28%
Tegucigalpa D: 9,909
28%
Tegucigalpa E: 13,780
28%
Tegucigalpa F: 15,362
28%
Thimphu A: 5,672
28%
Thimphu B: 12,270
28%
Thimphu C: 15,278
28%
Thimphu D: 9,317
28%
Thimphu E: 9,392
28%
Thimphu F: 2,538
28%
Victoria A: 5,728
28%
Victoria B: 13,594
28%
Victoria C: 10,701
28%
Victoria D: 5,912
28%
Victoria E: 10,260
28%
Victoria F: 7,044
28%
Yaren A: 13,856
28%
Yaren B: 12,462
28%
Yaren C: 15,853
28%
Yaren D: 18,091
28%
Yaren E: 4,036
28%
Yaren F: 6,251
28%
Apia A: 16,390
27%
Apia B: 11,650
27%
Apia C: 13,101
27%
Apia D: 19,039
27%
Apia E: 4,339
27%
Apia F: 9,010
27%
Djibouti A: 3,544
27%
Djibouti B: 11,355
27%
Djibouti C: 10,143
27%
Djibouti D: 4,403
27%
Djibouti E: 12,386
27%
Djibouti F: 7,594
27%
Funafuti A: 15,369
27%
Funafuti B: 12,041
27%
Funafuti C: 14,243
27%
Funafuti D: 19,512
27%
Funafuti E: 4,012
27%
Funafuti F: 7,865
27%
Harare A: 6,517
27%
Harare B: 12,538
27%
Harare C: 7,693
27%
Harare D: 4,056
27%
Harare E: 11,480
27%
Harare F: 10,073
27%
Kampala A: 4,522
27%
Kampala B: 11,381
27%
Kampala C: 8,574
27%
Kampala D: 3,311
27%
Kampala E: 12,645
27%
Kampala F: 9,135
27%
Kigali A: 4,759
27%
Kigali B: 11,337
27%
Kigali C: 8,217
27%
Kigali D: 3,105
27%
Kigali E: 12,712
27%
Kigali F: 9,490
27%
Libreville A: 4,909
27%
Libreville B: 9,431
27%
Libreville C: 6,252
27%
Libreville D: 949
27%
Libreville E: 14,576
27%
Libreville F: 11,512
27%
Ljubljana A: 1,292
27%
Ljubljana B: 6,811
27%
Ljubljana C: 9,596
27%
Ljubljana D: 4,516
27%
Ljubljana E: 16,136
27%
Ljubljana F: 8,964
27%
Lusaka A: 6,246
27%
Lusaka B: 12,141
27%
Lusaka C: 7,498
27%
Lusaka D: 3,658
27%
Lusaka E: 11,878
27%
Lusaka F: 10,241
27%
Malabo A: 4,594
27%
Malabo B: 9,132
27%
Malabo C: 6,368
27%
Malabo D: 667
27%
Malabo E: 14,896
27%
Malabo F: 11,432
27%
Moroni A: 6,019
27%
Moroni B: 13,144
27%
Moroni C: 9,159
27%
Moroni D: 4,848
27%
Moroni E: 10,900
27%
Moroni F: 8,597
27%
Nouakchott A: 4,966
27%
Nouakchott B: 6,040
27%
Nouakchott C: 5,416
27%
Nouakchott D: 2,465
27%
Nouakchott E: 17,848
27%
Nouakchott F: 12,993
27%
Port Louis A: 7,387
27%
Port Louis B: 14,917
27%
Port Louis C: 10,191
27%
Port Louis D: 6,610
27%
Port Louis E: 9,116
27%
Port Louis F: 7,743
27%
400
26%
Ashgabat A: 2,542
26%
Ashgabat B: 10,042
26%
Ashgabat C: 12,523
26%
Ashgabat D: 6,533
26%
Ashgabat E: 12,445
26%
Ashgabat F: 5,561
26%
Bangui A: 4,190
26%
Bangui B: 9,913
26%
Bangui C: 7,352
26%
Bangui D: 1,695
26%
Bangui E: 14,144
26%
Bangui F: 10,409
26%
Brazzaville A: 5,203
26%
Brazzaville B: 10,258
26%
Brazzaville C: 6,609
26%
Brazzaville D: 1,774
26%
Brazzaville E: 13,757
26%
Brazzaville F: 11,108
26%
Bujumbura A: 4,916
26%
Bujumbura B: 11,383
26%
Bujumbura C: 8,084
26%
Bujumbura D: 3,084
26%
Bujumbura E: 12,672
26%
Bujumbura F: 9,622
26%
Conakry A: 5,444
26%
Conakry B: 6,834
26%
Conakry C: 4,820
26%
Conakry D: 1,912
26%
Conakry E: 16,904
26%
Conakry F: 13,336
26%
Dushanbe A: 3,393
26%
Dushanbe B: 10,451
26%
Dushanbe C: 13,432
26%
Dushanbe D: 7,431
26%
Dushanbe E: 11,679
26%
Dushanbe F: 4,661
26%
Kathmandu A: 5,296
26%
Kathmandu B: 12,136
26%
Kathmandu C: 14,855
26%
Kathmandu D: 8,890
26%
Kathmandu E: 9,729
26%
Kathmandu F: 2,965
26%
Kingstown A: 9,077
26%
Kingstown B: 3,298
26%
Kingstown C: 4,446
26%
Kingstown D: 7,110
26%
Kingstown E: 16,022
26%
Kingstown F: 16,051
26%
Lilongwe A: 6,107
26%
Lilongwe B: 12,506
26%
Lilongwe C: 8,110
26%
Lilongwe D: 4,046
26%
Lilongwe E: 11,544
26%
Lilongwe F: 9,634
26%
Majuro A: 13,449
26%
Majuro B: 11,516
26%
Majuro C: 15,934
26%
Majuro D: 18,012
26%
Majuro E: 5,007
26%
Majuro F: 6,349
26%
Phnom Penh A: 8,001
26%
Phnom Penh B: 14,215
26%
Phnom Penh C: 16,425
26%
Phnom Penh D: 11,121
26%
Phnom Penh E: 7,018
26%
Phnom Penh F: 1,540
26%
Windhoek A: 7,144
26%
Windhoek B: 11,698
26%
Windhoek C: 6,146
26%
Windhoek D: 3,538
26%
Windhoek E: 12,102
26%
Windhoek F: 11,623
26%
9
24%
Gaborone A: 7,276
24%
Gaborone B: 12,558
24%
Gaborone C: 6,968
24%
Gaborone D: 4,219
24%
Gaborone E: 11,333
24%
Gaborone F: 10,852
24%
100
23%
Honiara A: 14,080
23%
Honiara B: 13,699
23%
Honiara C: 15,636
23%
Honiara D: 17,430
23%
Honiara E: 2,849
23%
Honiara F: 6,104
23%
Yamoussoukro A: 5,083
23%
Yamoussoukro B: 7,729
23%
Yamoussoukro C: 5,278
23%
Yamoussoukro D: 959
23%
Yamoussoukro E: 16,164
23%
Yamoussoukro F: 12,688
23%
Palikir A: 12,603
20%
Palikir B: 12,523
20%
Palikir C: 17,130
20%
Palikir D: 16,860
20%
Palikir E: 4,573
20%
Palikir F: 5,012
20%
N'Djamena A: 3,479
19%
N'Djamena B: 9,064
19%
N'Djamena C: 7,435
19%
N'Djamena D: 1,423
19%
N'Djamena E: 14,977
19%
N'Djamena F: 10,427
19%
Sana'a A: 3,202
19%
Sana'a B: 11,129
19%
Sana'a C: 10,410
19%
Sana'a D: 4,560
19%
Sana'a E: 12,504
19%
Sana'a F: 7,352
19%
Vatican City A: 1,379
19%
Vatican City B: 6,904
19%
Vatican City C: 9,177
19%
Vatican City D: 4,028
19%
Vatican City E: 16,324
19%
Vatican City F: 9,298
19%
Andorra la Vella A: 2,277
18%
Andorra la Vella B: 6,078
18%
Andorra la Vella C: 8,574
18%
Andorra la Vella D: 3,998
18%
Andorra la Vella E: 17,216
18%
Andorra la Vella F: 10,065
18%
Guatemala City A: 11,261
18%
Guatemala City B: 3,303
18%
Guatemala City C: 6,618
18%
Guatemala City D: 10,256
18%
Guatemala City E: 13,507
18%
Guatemala City F: 15,121
18%
Kuwait City A: 2,153
18%
Kuwait City B: 10,219
18%
Kuwait City C: 11,335
18%
Kuwait City D: 5,314
18%
Kuwait City E: 12,897
18%
Kuwait City F: 6,596
18%
Melekeok A: 10,761
18%
Melekeok B: 13,919
18%
Melekeok C: 18,284
18%
Melekeok D: 14,403
18%
Melekeok E: 4,901
18%
Melekeok F: 2,736
18%
Mexico City A: 11,442
18%
Mexico City B: 3,357
18%
Mexico City C: 7,670
18%
Mexico City D: 11,081
18%
Mexico City E: 12,974
18%
Mexico City F: 14,150
18%
Nuku'alofa A: 16,848
18%
Nuku'alofa B: 12,435
18%
Nuku'alofa C: 12,889
18%
Nuku'alofa D: 18,372
18%
Nuku'alofa E: 3,585
18%
Nuku'alofa F: 9,047
18%
Port-au-Prince A: 9,584
18%
Port-au-Prince B: 2,463
18%
Port-au-Prince C: 5,572
18%
Port-au-Prince D: 8,288
18%
Port-au-Prince E: 15,396
18%
Port-au-Prince F: 15,433
18%
Port-of-Spain A: 9,280
18%
Port-of-Spain B: 3,548
18%
Port-of-Spain C: 4,216
18%
Port-of-Spain D: 7,150
18%
Port-of-Spain E: 15,814
18%
Port-of-Spain F: 16,329
18%
Port-Vila A: 15,369
18%
Port-Vila B: 13,597
18%
Port-Vila C: 14,360
18%
Port-Vila D: 17,964
18%
Port-Vila E: 2,470
18%
Port-Vila F: 7,374
18%
Sucre A: 11,720
18%
Sucre B: 6,675
18%
Sucre C: 2,330
18%
Sucre D: 8,034
18%
Sucre E: 12,996
18%
Sucre F: 19,639
18%
Tarawa A: 14,080
18%
Tarawa B: 11,832
18%
Tarawa C: 15,446
18%
Tarawa D: 18,582
18%
Tarawa E: 4,513
18%
Tarawa F: 6,765
18%
Ulaanbaatar A: 5,981
18%
Ulaanbaatar B: 10,186
18%
Ulaanbaatar C: 16,176
18%
Ulaanbaatar D: 10,474
18%
Ulaanbaatar E: 10,076
18%
Ulaanbaatar F: 2,915
18%
Addis Ababa A: 3,673
16%
Addis Ababa B: 11,219
16%
Addis Ababa C: 9,588
16%
Addis Ababa D: 3,908
16%
Addis Ababa E: 12,640
16%
Addis Ababa F: 8,144
16%
Bandar Seri Begawan A: 9,317
16%
Bandar Seri Begawan B: 14,867
16%
Bandar Seri Begawan C: 16,945
16%
Bandar Seri Begawan D: 12,326
16%
Bandar Seri Begawan E: 5,743
16%
Bandar Seri Begawan F: 1,921
16%
Colombo A: 6,283
16%
Colombo B: 14,094
16%
Colombo C: 13,696
16%
Colombo D: 8,442
16%
Colombo E: 8,747
16%
Colombo F: 4,052
16%
Nay Pyi Taw A: 6,701
16%
Nay Pyi Taw B: 13,234
16%
Nay Pyi Taw C: 15,812
16%
Nay Pyi Taw D: 10,061
16%
Nay Pyi Taw E: 8,323
16%
Nay Pyi Taw F: 1,893
16%
New Delhi A: 4,561
16%
New Delhi B: 11,775
16%
New Delhi C: 14,079
16%
New Delhi D: 8,095
16%
New Delhi E: 10,415
16%
New Delhi F: 3,765
16%
Porto-Novo A: 4,632
16%
Porto-Novo B: 8,414
16%
Porto-Novo C: 5,952
16%
Porto-Novo D: 87
16%
Porto-Novo E: 15,588
16%
Porto-Novo F: 11,928
16%
Pretoria A: 7,391
16%
Pretoria B: 12,815
16%
Pretoria C: 7,161
16%
Pretoria D: 4,458
16%
Pretoria E: 11,086
16%
Pretoria F: 10,682
16%
Saint George's A: 9,199
16%
Saint George's B: 3,394
16%
Saint George's C: 4,363
16%
Saint George's D: 7,170
16%
Saint George's E: 15,899
16%
Saint George's F: 16,179
16%
Saint John's A: 8,846
16%
Saint John's B: 2,864
16%
Saint John's C: 4,869
16%
Saint John's D: 7,177
16%
Saint John's E: 16,243
16%
Saint John's F: 15,623
16%
No matching quizzes found
Score Distribution
Percent of People with Each Score
Percentile by Number Answered
Your Score History
You have not taken this quiz